| 000 | 00677nam a22001577a 4500 | ||
|---|---|---|---|
| 003 | OSt | ||
| 005 | 20150916170606.0 | ||
| 008 | 150916b xxu||||| |||| 00| 0 eng d | ||
| 040 | _cRUA | ||
| 082 | _aAGR SOE 1999 BOO25 Or.1 | ||
| 100 |
_9620 _aSOEUR, SOMANY |
||
| 245 | _aGenotyp by environment effect on the duration , planting, and yeild of soe rice varieties,(ឥទ្ធិផលអង្គរអំពើរាវបរិស្ថាន និងសេណូទីបពួជស្រូវនៅលើអាយុកាល កំពស់ដើម និងទិន្ធផល). | ||
| 260 |
_aphnom phen _bRUA _c1999 |
||
| 300 |
_a69p. _bill. _c29cm. |
||
| 942 |
_2ddc _cAGR |
||
| 999 |
_c595 _d595 |
||